| 000 | 00416nam a22001697a 4500 | ||
|---|---|---|---|
| 999 |
_c524081 _d524081 |
||
| 003 | NUST | ||
| 020 | _c(Hbk) | ||
| 038 | _aShaban | ||
| 082 |
_a891.421 _bULL |
||
| 100 |
_aAnyat Ullah _914905 |
||
| 245 |
_awiraag _cAnayat Ullah |
||
| 260 |
_aLahore -: _bSuchet kitab ghar, _c2012. |
||
| 300 | _a220 p. ; | ||
| 880 |
_6100-02\r _aڈاکتر عنایت اللہ |
||
| 880 |
_6245-02\r _aوِراگ |
||
| 942 |
_2ddc _cBK |
||